Hardcore General Knowledge #4 - Statistics

General Stats
  • This quiz has been taken 79 times
  • The average score is 2 of 15
Answer Stats
Hint Answer % Correct
What country does the Swiss Guard serve in? Vatican City
80%
Of the 97 people on board the Hindenburg, how many survived? 62
38%
In George Orwell's Animal Farm, which pig represents Leon Trotsky? Snowball
32%
What is the primary ingredient in Duralumin? Aluminum
24%
What is the deepest lake in Africa? Lake Tanganyika
24%
Who was the last US President who was not a member of either the Democratic or Republican party at some point during their presidency? Millard Fillmore
14%
How many prime numbers are there between 1 and 1000? 168
13%
What is the (artificial) language with the fewest number of words? Toki Pona
7%
Other than Ceres (which is considered a dwarf planet), what is the largest asteroid ever found? Vesta
3%
Which member of the Diadochi ruled over Greece and Macedon after the death of Antipater? Cassander
1%
Volcanoes are measured and ranked on the Volcanic Explosivity Index based on the amount of tephra they eject. What is the official description of a VEI-8 volcano? Mega-colossal
1%
What word refers to either the trunk of a tree or a type of clay? Bole
0%
Which organization built a working version of Charles Babbage's difference engine? London Science Museum
0%
In what month and on which day was the first JetPunk Daily Trivia released? May 4
0%
What is the southernmost inhabited place outside of Antarctica? Puerto Toro
0%
No matching quizzes found
Score Distribution
Percent of People with Each Score
Percentile by Number Answered
Your Score History
You have not taken this quiz